00642pam a2200181 a 4500020001500000082001400015100002300029245003700052250001200089260003100101300002600132500004000158650002300198650004100221856006600262856006600328856006600394 a047161019400a54133 ADA1 aAdamson, Arthur W.10aPhysical chemistry of surfaces / a5th ed. aNew York :bWiley,cc1990. axxi, 777 p. :bill. ; a"A Wiley-Interscience publication." 0aSurface chemistry. 0aChemistry, Physical and theoretical.42uhttp://www.loc.gov/catdir/enhancements/fy0608/90012106-d.html41uhttp://www.loc.gov/catdir/enhancements/fy0608/90012106-t.html42uhttp://www.loc.gov/catdir/enhancements/fy0609/90012106-b.html